000 00465nam a2200193Ia 4500
005 20240823014829.0
008 240823s9999||||xx |||||||||||||| ||und||
020 _a81-224-1488-5
041 _aENGLISH
082 _A574.5222 P4
100 _aDe A K
245 0 _aEnvironmental Chemistry
250 _a5th
260 _c2004
_bNew Age International (P
_aNew Delhi
500 _aTRANSFERED
650 _aChemistry
_bChemistry
942 _cBK
999 _c171011
_d171011